| 000 | 00362pab a2200157 454500 | ||
|---|---|---|---|
| 008 | 180718b1998 xxu||||| |||| 00| 0 eng d | ||
| 100 | _aPandit, Nalini | ||
| 245 | _aAmbedkar and the dalits | ||
| 260 | _c1998 | ||
| 300 | _ap.47-51 | ||
| 362 | _aAnn. Jan | ||
| 650 | _aAmbedkar on dalits | ||
| 650 | _aBackward classes | ||
| 773 | _aSeminar | ||
| 909 | _a36096 | ||
| 999 |
_c36096 _d36096 |
||